<?xml version="1.0" encoding="UTF-8"?>
<record
    xmlns:xsi="http://www.w3.org/2001/XMLSchema-instance"
    xsi:schemaLocation="http://www.loc.gov/MARC21/slim http://www.loc.gov/standards/marcxml/schema/MARC21slim.xsd"
    xmlns="http://www.loc.gov/MARC21/slim">

  <leader>01547nam a22002777i 4500</leader>
  <controlfield tag="003">OSt</controlfield>
  <controlfield tag="005">20251119124042.0</controlfield>
  <controlfield tag="008">251119b        |||||||| |||| 00| 0 eng d</controlfield>
  <datafield tag="020" ind1=" " ind2=" ">
    <subfield code="a">9789083203836</subfield>
  </datafield>
  <datafield tag="040" ind1=" " ind2=" ">
    <subfield code="b">spa</subfield>
    <subfield code="c">MNU</subfield>
  </datafield>
  <datafield tag="041" ind1="1" ind2=" ">
    <subfield code="a">dut</subfield>
    <subfield code="a">eng</subfield>
  </datafield>
  <datafield tag="082" ind1="0" ind2="4">
    <subfield code="a">700.432.688.1</subfield>
    <subfield code="b">N477h</subfield>
  </datafield>
  <datafield tag="100" ind1="1" ind2=" ">
    <subfield code="a">Neubauer, Ursula</subfield>
    <subfield code="e">artista</subfield>
  </datafield>
  <datafield tag="245" ind1="0" ind2="0">
    <subfield code="a">Hof van Eden = Garden of Eden / </subfield>
    <subfield code="c">Ursula Neubauer ; Frans W. Saris ; Esther Wils.</subfield>
  </datafield>
  <datafield tag="246" ind1="3" ind2="1">
    <subfield code="a">Garden of Eden</subfield>
  </datafield>
  <datafield tag="260" ind1=" " ind2=" ">
    <subfield code="a">La Haya, Paises Bajos : </subfield>
    <subfield code="b">West,</subfield>
    <subfield code="c">2023</subfield>
    <subfield code="c">c2022</subfield>
  </datafield>
  <datafield tag="300" ind1=" " ind2=" ">
    <subfield code="a">48 p : </subfield>
    <subfield code="b">fotograf&#xED;as e ilustraciones a color ; </subfield>
    <subfield code="c">24 cm</subfield>
  </datafield>
  <datafield tag="520" ind1="3" ind2=" ">
    <subfield code="a">Todos los pa&#xED;ses africanos cuentan con reservas de caza nacionales y privadas. Namibia tambi&#xE9;n tiene concesiones. Damaraland, en el centro de Namibia, fue parte de una colonia alemana y posteriormente de Sud&#xE1;frica. Tras la ca&#xED;da del r&#xE9;gimen del apartheid, el pueblo damara recibi&#xF3; sus tierras, el desierto de Namib, del tama&#xF1;o de Pa&#xED;ses Bajos, como concesi&#xF3;n del gobierno namibio. All&#xED; gozan de autonom&#xED;a, con una condici&#xF3;n: la preservaci&#xF3;n de la biodiversidad. Vivir en libertad, independientes del mundo exterior a su concesi&#xF3;n, en armon&#xED;a con la naturaleza, como en el Jard&#xED;n del Ed&#xE9;n. </subfield>
  </datafield>
  <datafield tag="650" ind1="1" ind2="4">
    <subfield code="a">Actividades</subfield>
    <subfield code="v">fotograf&#xED;as de la naturaleza</subfield>
    <subfield code="z">Namibia</subfield>
  </datafield>
  <datafield tag="650" ind1="1" ind2="4">
    <subfield code="a">Paisaje natural</subfield>
    <subfield code="z">Namibia</subfield>
  </datafield>
  <datafield tag="650" ind1="1" ind2="4">
    <subfield code="a">Arte ecol&#xF3;gico</subfield>
    <subfield code="z">Namibia</subfield>
  </datafield>
  <datafield tag="700" ind1="1" ind2=" ">
    <subfield code="a">Neubauer, Ursula</subfield>
    <subfield code="e">artista</subfield>
  </datafield>
  <datafield tag="700" ind1="1" ind2=" ">
    <subfield code="a">Saris, Frans W.</subfield>
    <subfield code="e">autor</subfield>
  </datafield>
  <datafield tag="700" ind1="1" ind2=" ">
    <subfield code="a">Wils, Esther</subfield>
    <subfield code="e">redactora</subfield>
  </datafield>
  <datafield tag="942" ind1=" " ind2=" ">
    <subfield code="2">ddc</subfield>
    <subfield code="c">1</subfield>
    <subfield code="h">700.432.688.1</subfield>
    <subfield code="i">N477h</subfield>
    <subfield code="n">0</subfield>
  </datafield>
  <datafield tag="999" ind1=" " ind2=" ">
    <subfield code="c">4566</subfield>
    <subfield code="d">4566</subfield>
  </datafield>
  <datafield tag="952" ind1=" " ind2=" ">
    <subfield code="0">0</subfield>
    <subfield code="1">0</subfield>
    <subfield code="2">ddc</subfield>
    <subfield code="4">0</subfield>
    <subfield code="7">0</subfield>
    <subfield code="8">Libros</subfield>
    <subfield code="a">LV</subfield>
    <subfield code="b">LV</subfield>
    <subfield code="d">2025-11-19</subfield>
    <subfield code="l">0</subfield>
    <subfield code="o">700.432.688.1 N477h</subfield>
    <subfield code="p">002731</subfield>
    <subfield code="r">2025-11-19 00:00:00</subfield>
    <subfield code="w">2025-11-19</subfield>
    <subfield code="y">1</subfield>
  </datafield>
</record>
